Torschützenkönige der Fußball-Europameisterschaften - Statistiken

Allgemein
  • Dieses Quiz wurde 139 mal gespielt
    70 seit der letzten Aktualisierung
  • Das Durchschnittsergebnis liegt bei 17 aus 38
Antwortstatistiken
Jahr Mannschaft Torschützenkönig % Korrekt
2012 Portugal Cristiano Ronaldo
96%
2020 Portugal Cristiano Ronaldo
96%
2024 England Harry Kane
96%
2024 Deutschalnd Jamal Musiala
93%
1976 Westdeutschland Dieter Müller
88%
1972 Westdeutschland Gerd Müller
88%
2016 Frankreich Antoine Griezmann
81%
2012 Spanien Fernando Torres
81%
2012 Deutschland Mario Gómez
76%
2024 Niederlande Cody Gakpo
75%
2024 Spanien Dani Olmo
75%
2020 Tschechien Patrik Schick
75%
2008 Spanien David Villa
72%
1988 Niederlande Marco Van Basten
66%
2012 Kroatien Mario Mandžukić
62%
2012 Italiem Mario Balotelli
57%
1984 Frankreich Michel Platini
56%
1996 England Alan Shearer
54%
2024 Slowakei Ivan Schranz
54%
2024 Georgien Georges Mikautadze
47%
2004 Tschechien Milan Baroš
40%
2000 Niederlande Patrick Kluivert
40%
1980 Westdeutschland Klaus Allofs
28%
1992 Deutschland Karl-Heinz Riedle
24%
1992 Niederlande Dennis Bergkamp
22%
1992 Schweden Tomas Brolin
19%
2000 Jugoslawien Savo Milošević
12%
2012 Russland Alan Dzagoev
7%
1992 Dänemark Henrik Larsen
6%
1964 Ungarn Dezső Novák
3%
1968 Jugoslawien Dragan Džajić
3%
1964 Ungarn Ferenc Bene
3%
1960 Sowjetunion Viktor Ponedel'nik
3%
1960 Jugoslawien Dražan Jerković
1%
1960 Frankreich François Heutte
1%
1964 Spanien Jesús María Pereda
1%
1960 Jugoslawien Milan Galić
1%
1960 Sowjetunion Valentin Koz'mič Ivanov
1%
Keine übereinstimmenden Quizze gefunden
Verteilung der Resultate
Anzahl Personen mit jedem Resultat
Perzentil nach korrekt beantworteten Fragen
Ihre Resultats-Entwicklung
Sie haben dieses Quiz seit der letzten Aktualisierung nicht gespielt